000 01414nam a2200337 ia4500
003 OSt
005 20260409111726.0
008 260407s2025 nyu jrb 000 0 eng d
020 _a9780241743515
_cRM 98.90
_qhardback
040 _aPPAK
_beng
_cPPAK
_erda
082 0 4 _223
_a155.232
090 0 0 _a155.232
_bFAR
_dK
100 1 _aFarbstein, Brandon,
_eauthor.
245 1 0 _aa kids book about SELF-LOVE /
_cby Brandon Farbstein.
246 3 0 _aSelf-love
250 _aFirst American edition.
264 1 _aNew York, NY :
_bDK Publishing,
_c[2025]
264 4 _c©2025
300 _a1 volume (unpaged) :
_bcolour illustrations ;
_c26 cm
336 _atext
_2rdacontent
337 _aunmediated
_2rdamedia
338 _avolume
_2rdacarrier
490 1 _aa kids book about
520 _aWhat do you see when you look in the mirror? Often we notice the things that make us feel different or we don't like. But self-love can help us see what makes us uniquely awesome! This book teaches kids how to choose their thoughts, manage their perspectives, and feel comfortable and happy with themselves, even when hard things happen.
521 1 _aAges 5+
650 1 0 _aSelf-acceptance
_vJuvenile literature
650 2 0 _aSelf-actualization (Psychology)
_vJuvenile literature
650 2 0 _aSelf-esteem in children
_vJuvenile literature
830 0 _aa kids book about
942 _2ddc
_cB
999 _c203723
_d203723